Intelectuales católicos conservadores y tradicionalistas en México y Latinoamérica (1910-2015) /

Detalles Bibliográficos
Otros Autores: Alarcón, Laura (Editor), Martínez Villegas, Austreberto (Editor), Mora Muro, Jesús Iván (Editor)
Formato: Electrónico eBook
Lenguaje:español
Publicado: Zapopan, Jalisco : El Colegio de Jalisco, [2019]
Colección:Temas de estudio (Colegio de Jalisco)
Materias:
Acceso en línea:Digitalia Hispánica

MARC

LEADER 00000nam a2200000Ii 4500
001 DIGCOJAL0014
003 NyNyDIG
006 m o d
007 cr |||||||||||
008 250404s2019 mx ob 000 0 spa d
035 |a (OCoLC)1513491196 
040 |a DGITA  |b eng  |e rda  |e pn  |c DGITA 
020 |z 9786078657162 
043 |a n-mx---  |a s-ag---  |a s-ck--- 
050 1 4 |a BX4672 ebook 
245 0 0 |a Intelectuales católicos conservadores y tradicionalistas en México y Latinoamérica (1910-2015) /  |c Laura Alarcón Menchaca, Austreberto Martínez Villegas, Jesús Iván Mora Muro (coordinadores). 
264 1 |a Zapopan, Jalisco :  |b El Colegio de Jalisco,  |c [2019] 
300 |a 1 online resource. 
336 |a text  |b txt  |2 rdacontent 
337 |a computer  |b c  |2 rdamedia 
338 |a online resource  |b cr  |2 rdacarrier 
347 |a text file  |2 rdaft 
347 |b PDF 
490 1 |a Temas de estudio 
504 |a Includes bibliographical references. 
588 0 |a Online resource; title from PDF title page (Digitalia, viewed April 4, 2025) 
650 0 |a Catholics  |z Mexico  |x Intellectual life. 
650 0 |a Catholics  |z Argentina  |x Intellectual life. 
650 0 |a Catholics  |z Colombia  |x Intellectual life. 
650 0 |a Catholics  |x Political activity  |z Mexico. 
650 0 |a Catholics  |x Political activity  |z Argentina. 
650 0 |a Catholics  |x Political activity  |z Colombia. 
650 0 |a Conservatism  |z Mexico. 
650 0 |a Conservatism  |z Argentina. 
650 0 |a Conservatism  |z Colombia. 
700 1 |a Alarcón, Laura,  |e editor. 
700 1 |a Martínez Villegas, Austreberto,  |e editor. 
700 1 |a Mora Muro, Jesús Iván,  |e editor. 
791 2 |a Digitalia (Firm),  |e distributor. 
793 0 |g Digitalia eBook Collection:  |a El Colegio de Jalisco 
776 0 8 |i Print version:  |t Intelectuales católicos conservadores y tradicionalistas en México y Latinoamérica (1910-2015).  |b Primera edición.  |d Zapopan, Jalisco : El Colegio de Jalisco, 2019  |z 9786078657162 
830 0 |a Temas de estudio (Colegio de Jalisco) 
856 4 0 |3 Digitalia Hispánica  |u https://www.digitaliapublishing.com/a/172176/ 
910 |a Premium collection: 2025